|
|
|
|
| LEADER |
00000nab a2200000ua 4500 |
| 001 |
vtls010794735 |
| 003 |
SK-MaSNL |
| 005 |
20260303135212.0 |
| 008 |
230218s2008 xo |||||||||||||||||slo| |
| 035 |
|
|
|a (urnnbn)urn:nbn:sk:snk:ar-a06801
|
| 035 |
|
|
|a (uuid)1aa31d8d-dde4-42ed-9515-babf67221ac3
|
| 035 |
|
|
|a urn:nbn:sk:snk-ab4wsc
|
| 040 |
|
|
|a SNKBUCL
|b slo
|c SNKBUCL
|e AACR2
|
| 041 |
0 |
|
|a slo
|
| 044 |
|
|
|a xo
|c SK
|
| 100 |
1 |
|
|a Košťálová, Daniela
|4 aut
|9 12624
|
| 245 |
1 |
0 |
|a Koža v staršom veku
|c Daniela Košťálová
|
| 773 |
0 |
|
|t Derma revue : pokožka - vlasy - nechty - zdravie - životný štýl
|g Roč. 6, č. 2 (2008), s. 6-9
|
| 954 |
|
|
|a odborná, vedecká literatúra pôvodná (slovenská)
|2 lita
|
| 958 |
|
|
|a OND
|
| 958 |
|
|
|a EUIPO
|
| 958 |
|
|
|a article3
|
| 999 |
|
|
|c 1964090
|d 1966020
|